Countries that Speak German - Statistics

General Stats
  • This quiz has been taken 295 times
  • The average score is 6 of 6
Answer Stats
Hint Answer % Correct
Europe Germany
99%
Europe Austria
97%
Europe Switzerland
95%
Europe Liechtenstein
92%
Europe Luxembourg
92%
Europe Belgium
90%
No matching quizzes found
Score Distribution
Percent of People with Each Score
Percentile by Number Answered
Your Score History
You have not taken this quiz